01388ngm a22002297a 450000500170000000700100001700800410002705000270006824500930009526000500018830001150023830600110035350000360036450801440040051101250054452001570066952100250082653800200085154600960087158601640096765000270113120160701104955.0vd bvairk160701t20031942mx 102|a |||| s0| vleng d04aPN1997 .C352bC37 200300aCasablanca cdirector, Michael Curtiz ; productor, Hal B. Wallis.h[videograbación] /  aMéxico :bWarner Home Video México,c2003 a1 videodisco (103 min.) : bdolby digital, blanco y negro,c 4 3/4 plg.e+ 1 DVD características especiales. a000102 aEdición especial con 2 discos aDirector de fotografía, Arthur Edeson ; editor, Owen Marks ; guionistas, Julius J. Philip G. Epstein, Howard Koch ; música Max Steiner.1 aHumphrey Bogart, Ingrid Bergman, Paul Henreid, Claude Rains, Conrad Veidt, Sydney Greenstreet, Peter Lorre, S.Z. Sakall. aEn Casablanca, Marruecos en diciembre de 1941, un expatriado estadounidense cínico se encuentra con un antiguo amante, con complicaciones imprevistas. aClasificación "A"  aDVD, región 4 aInglés, portugués con subtítulos en inglés, español, portugues, bahasa indonesia. aGanadora de tres premios de la academia: Mejor imagen, mejor director Michael Curtiz, mejor guión adaptado Julius J. Epstein Philip G. Epstein Howard Koch. 04aRomancevDramaxGuerra